LEADER 01009nam a2200241 i 4500 001 000000244349 003 CaOOAMICUS 005 20150804000000.0 008 150804s1952 it u000 u ita u 013 $a223254 040 $aSeMil$bita 100 1 $aSaponaro, Michele <1885-1959>.$0(OLS)http://semarc/name/6765 245 12$aI discepoli /$cMichele Saponaro. 260 $aMilano :$bArnoldo Mondadori Editore,$c1952. 300 $a270 p., [12] c. di tav. :$bill. ;$c24 cm. 500 $aIn mezzo al front : con 4 tavole a colori, 8 illustrazioni in nero e una carta topografica fuori testo. - Fondo card. Giovanni Colombo. 650 4$aApostoli.$0(OLS)http://semarc/subject/2557 850 $aSeMil 852 $aSeMil$W1$xVenegono$y1$m3GC IV 239/B$j194695$B194695$CSeMilBibl$Z2$F205211 $8B 941 1 $a3 961 $aLascito: Colombo Card. Giovanni 996 $6245$aI discepoli$9(OLS)http://semarc/title/273065 996 $6260$aMilano :$bArnoldo Mondadori Editore$9(OLS)http://semarc/publisher/30056 LEADER 01163nam a2200277 i 4500 001 000000107001 003 CaOOAMICUS 005 20040727000000.0 008 040727s1999 it u000 u ita u 013 $a79211 020 $a88-16-60223-6 040 $aSeMil$bita 100 1 $aVelmans, Tania.$0(OLS)http://semarc/name/44977 245 10$aBisanzio :$blo splendore dell'arte monumentale /$cTania Velmans ; Vojislav Korac ; Marica ?uput. 260 $aMilano :$bJaca Book,$c1999. 300 $a528 p. :$briccamente ill. ;$c34 cm. 500 $aContiene : Bibliografia. - In custodia. 650 4$aArte bizantina.$0(OLS)http://semarc/subject/453 700 1 $a?uput, Marica.$0(OLS)http://semarc/name/44979 700 1 $aKorac, Vojislav.$0(OLS)http://semarc/name/44978 850 $aSeMil 852 $aSeMil$W1$xVenegono$y1$m5Q X 1$j63098$B63098$CSeMilBibl$Z2$F85113 $8I 961 $aOmaggio: Ferrario mons. Emilio 996 $6020$a88-16-60223-6$9(OLS)http://semarc/number/87833 996 $6245$aBisanzio :$blo splendore dell'arte monumentale$9(OLS)http://semarc/title/155129 996 $6260$aMilano :$bJaca Book$9(OLS)http://semarc/publisher/29781